| 000 | 00782nam a2200205Ii 4500 | ||
|---|---|---|---|
| 003 | JO-AjNU | ||
| 008 | 230605s9999||||xx |||||||||||||| ||und|| | ||
| 040 |
_aJO-AjNU _bara _erda _cJO-AjNU |
||
| 041 | _aara | ||
| 050 | 1 | 4 | _aBP75.2.M87 2002 |
| 100 | 3 |
_aالقيرواني، عبد الجليل بن محمد بن أحمد ؛ ضبط وعناية: أحمد فريد المزيدي, _eauthor _956457 |
|
| 245 | 0 | 0 | _aتنبيه النام في بيان علو مقام نبينا عليه الصلاة والسلام |
| 250 | _aط1 | ||
| 264 | 3 | 1 | _aبيروت: دار الكتب العلمية: 2002 |
| 300 | _a168ص | ||
| 336 |
_atext _btxt _2rdacontent |
||
| 337 |
_aunmediated _bn _2rdamedia |
||
| 338 |
_avolume _bnc _2rdacarrier |
||
| 650 | 4 |
_aالسيرة النبوية _956458 |
|
| 999 |
_aA25241 _c28809 _d28809 |
||